Top Cities for Tinder Users - Statistics

General Stats
  • This quiz has been taken 670 times
  • The average score is 11 of 15
Answer Stats
Rank City % Correct
3 New York City
98%
1 London
95%
12 Los Angeles
95%
2 Paris
95%
15 Rome
88%
4 Berlin
85%
5 Moscow
77%
9 Barcelona
73%
8 Sydney
71%
7 Rio de Janeiro
61%
11 Melbourne
58%
14 Dublin
52%
10 Buenos Aires
46%
6 Stockholm
46%
13 Auckland
31%
No matching quizzes found
Score Distribution
Percent of People with Each Score
Percentile by Number Answered
Your Score History
You have not taken this quiz